| 000 | 00650nam a2200217Ia 4500 | ||
|---|---|---|---|
| 008 | 160803s9999 xx 000 0 und d | ||
| 020 | _a9780761454250 | ||
| 100 | _aWallace, Nancy Elizabeth | ||
| 245 | _aFly, monarch! Fly! / | ||
| 245 | _cwritten and illustrated by Nancy Elizabeth Wallace. | ||
| 260 | _aNew York : | ||
| 260 | _bScholastic Inc. | ||
| 260 | _c2008 | ||
| 300 | _aunnumbered pages : | ||
| 300 | _bcolor illustrations ; | ||
| 300 | _c21 cm | ||
| 500 | _aOriginally published: Tarrytown, N.Y. : Marshall Cavendish Children, 2008. | ||
| 650 | _aMonarch butterfly -- | ||
| 650 | _xJuvenile literature. | ||
| 700 | _a550 | ||
| 999 |
_c299495 _d299495 |
||